01229nab a22002177a 4500999001500000003000400015005001700019008004100036040000700077100002900084245014800113260007300261300001500334500004300349505032200392505009000714650003500804650002100839773013800860942001300998 c5457d5457OSt20251023130118.0190603e xxum|||| |||| 00| 0 spa d cPJ 96050aWayar, Federico C.13aLa conexión entre el art. 1011 del Cód. Civ. y Com. (contrato de larga duración) y el modelo relacional de contrato /cFederico C. Wayar. cCiudad Autónoma de Buenos Aires :aThomson Reuters La Ley, b2025. ap. 217-225 aCita Online: TR LALEY AR/DOC/41/2025.  aSumario: I. Una necesaria categorización.— II. El tiempo en la teoría clásica del contrato.— III. Distinción entre el contrato de duración de la teoría clásica contractual y los contratos de larga duración de la teoría relacional.— IV. La teoría relacional del contrato.— V. Conclusión.  t¿Te interesa el texto completo? Solicitalo al correo: koha@justierradelfuego.gov.ar  091497aCODIGO CIVIL Y COMERCIAL 093463aCONTRATOS 0 0271393170dCiudad Autónoma de Buenos Aires : Thomson Reuters La Ley, 2015-tRevista Código Civil y Comercial. Nº 2 - Abril 2025 2udccANA